Az ambient marketing létjogosultsága napjainkban Magyarországon

Bibliográfiai részletek
Szerző: Kunkli Erika
További közreműködők: Harsányi Dr. Dávid
Dokumentumtípus: Diplomadolgozat
Kulcsszavak:Ambient marketing
Magyarország
Reklám
Online Access:http://dolgozattar.uni-bge.hu/415

MARC

LEADER 00000nta a2200000 i 4500
001 dolg415
005 20221011105515.0
008 150305suuuu hu om 000 hun d
040 |a BGE Dolgozattár Repozitórium  |b hun 
041 |a hu 
100 1 |a Kunkli Erika 
245 1 3 |a Az ambient marketing létjogosultsága napjainkban Magyarországon  |c Kunkli Erika  |h [elektronikus dokumentum] 
695 |a Ambient marketing 
695 |a Magyarország 
695 |a Reklám 
700 1 |a Harsányi Dr. Dávid  |e ths 
856 4 0 |u http://dolgozattar.uni-bge.hu/415/1/Szakdolgozat%20Kunkli%20Erika%20SEHM6W.pdf  |z Dokumentum-elérés 
856 4 0 |u http://dolgozattar.uni-bge.hu/415/2/Adatb%C3%A1zis%20Kunkli%20Erika%20sehm6w.xlsx  |z Dokumentum-elérés